000 00546nam a2200217Ia 4500
003 OSt
005 20220928144739.0
006 a|||||r|||| 00| 0
007 ta
008 220927b |||||||| |||| 00| 0 eng d
024 _a73516
037 _cTextual
040 _aSDCL
_cSDCL
_beng
041 _2eng
_aeng
082 _aV6'N7, L4
100 _aDavidson Basil
_9509436
245 0 _aIn the eye of the storm
_b Angola's people.
260 _c1974
942 _hV6'N7, L4
_cTEXL
_2CC
999 _c829415
_d829415